Normal view
MARC view
Entry Topical Term
001 - CONTROL NUMBER
- control field: 54866
003 - CONTROL NUMBER IDENTIFIER
- control field: OSt
005 - DATE AND TIME OF LATEST TRANSACTION
- control field: 20241004110142.0
008 - FIXED-LENGTH DATA ELEMENTS
- fixed length control field: 241004|| aca||aabn | a|a d
040 ## - CATALOGING SOURCE
- Original cataloging agency: OSt
- Transcribing agency: OSt
150 ## - HEADING--TOPICAL TERM
- Topical term or geographic name entry element: ဆရာတော် ဦးမေဓါ
- General subdivision: အတ္ထုပ္ပတ္တိ
670 ## - SOURCE DATA FOUND
- Source citation: Work cat.: (OSt)16870: တေဇိန္ဒ၊ ဦး 17429, ဘုန်းခေါင်မေဓါထေရ်ဆရာထေရုပ္ပတ္တိစာတမ်း /, ၁၉၈၀။